000
00209 a2200097 4500
001
15178
100
_a
Williams G
245
_a
A synopsis of economics
260
_a
London
_b
Methuen
_c
090
_c
11919
_d
11919
942
_a
NUST-CAE
_c
M
_c
2135
999
_c
250251
_d
250251